| 000 | 01749nam a22002297a 4500 | ||
|---|---|---|---|
| 003 | OSt | ||
| 005 | 20210222140805.0 | ||
| 008 | 210222s1992 ck ||||gr|||| 00| 0 spa d | ||
| 020 | _a848272536X | ||
| 040 |
_aCO-JMCR _cCO-JMCR |
||
| 041 | 0 | _aspa | |
| 082 | 0 | 4 |
_a340.1 / _bN218f _223 |
| 100 | 1 |
_aNaranjo Villegas, Abel, _eautor _92810 |
|
| 245 | 1 | 0 |
_aFilosofía del derecho / _cAbel Naranjo Villegas |
| 250 | _aQuinta edición | ||
| 260 |
_aBogotá : _bTemis, _c1992 |
||
| 300 |
_a398 páginas ; _c23 cm. |
||
| 505 | _aCiencia y filosofía -- Los problemas filosóficos -- Diversas especies de realidad -- ¿Es ciencia del derecho? -- El derecho como praxis social -- Método de la filosofía del derecho -- Relación de la filosofía del derecho con otras ciencias -- El derecho como valor de la existencia -- Idealización y alineación de la realidad -- Idealización y alineación de la realidad -- La sociedad -- De la costumbre -- El estado -- Fines del estado -- Sujeto del derecho, persona y subjetividad jurídica -- La situación jurídica Ordenamiento de la conducta -- El concepto de persona -- La relaciones de justicia -- Actos y hechos jurídicos -- El concepto de obligación -- Vigencia y validez -- Esquema del tiempo físico y el tiempo jurídico -- Objetividad de la moral y del derecho -- El problema de la técnica jurídica -- El derecho natural y la filosofía de la cultura -- Corrientes contemporáneas de la filosofía del derecho -- El problema de la autonomía de la voluntad en el derecho -- kelsen y el estado de derecho -- De la crisis del estado de derecho -- Cossio o la reubicación del objetivo jurídico | ||
| 650 | 2 | 4 |
_aJurisprudencia _913769 |
| 650 | 2 | 4 |
_aDerecho _xFilosofía _913770 |
| 942 |
_2ddc _cBK |
||
| 999 |
_c7277 _d7277 |
||